Antibióticos, S. A. XXV Aniversario

Uloženo v:
Podrobná bibliografie
Korporativní autor: Antibióticos S. A (Autor)
Médium: Kniha
Jazyk:španělština
Vydáno: Madrid Antibióticos S. A 1974
Témata:
Tagy: Přidat tag
Žádné tagy, Buďte první, kdo vytvoří štítek k tomuto záznamu!

MARC

LEADER 00000nam a2200000 a 4500
001 UCG1692
003 CL-VaPUC
008 100513e19740000SP |||||||||||||||||spa|d
082 0 4 |a 615.329  |b ANT  |2 21 
110 2 |a Antibióticos S. A  |e author  |9 549660 
245 1 0 |a Antibióticos, S. A. XXV Aniversario 
300 |a 115 p 
942 |c BK 
945 |d 20100513 00:00:00  |a dcastane 
260 |a Madrid  |b Antibióticos S. A  |c 1974 
650 0 |a Antibióticos  |9 263034 
583 |a last modification  |c 20170529 02:01:59  |k Rodrigo Vera 
999 |c 340966  |d 340964 
952 |0 0  |1 0  |4 0  |6 615_329000000000000_ANT_1974  |7 0  |8 X  |9 436145  |a FDOBUD  |b FDOBUD  |d 2019-11-22  |i 4672216  |o 615.329 ANT 1974  |p 4672216  |r 2019-11-22  |w 2019-11-22  |y BK_X  |k BUD